Paleomagnetisme et variation secularie (Record no. 2160)

MARC details
000 -LEADER
fixed length control field 00498nam a2200157Ia 4500
003 - CONTROL NUMBER IDENTIFIER
control field IN-BaIIA
005 - DATE AND TIME OF LATEST TRANSACTION
control field 20250703165306.0
008 - FIXED-LENGTH DATA ELEMENTS--GENERAL INFORMATION
fixed length control field 211028s9999 xx 000 0 eng d
040 ## - CATALOGING SOURCE
Transcribing agency IIA Library
080 ## - UNIVERSAL DECIMAL CLASSIFICATION NUMBER
Universal Decimal Classification number 083.550.38
Item number IAGA-16A
110 ## - MAIN ENTRY--CORPORATE NAME
Corporate name or jurisdiction name as entry element International Association of Geomagnetism and Aeronomy
9 (RLIN) 3939
245 #0 - TITLE STATEMENT
Title Paleomagnetisme et variation secularie
Statement of responsibility, etc. International Association of Geomagnetism and Aeronomy
260 ## - PUBLICATION, DISTRIBUTION, ETC.
Place of publication, distribution, etc. Paris
Name of publisher, distributor, etc. Taffin-Lefort
Date of publication, distribution, etc. 1959
300 ## - PHYSICAL DESCRIPTION
Extent 111p.
942 ## - ADDED ENTRY ELEMENTS (KOHA)
Koha item type Books
Source of classification or shelving scheme Dewey Decimal Classification
Holdings
Withdrawn status Lost status Source of classification or shelving scheme Damaged status Not for loan Home library Current library Shelving location Date acquired Total Checkouts Full call number Barcode Date last seen Price effective from Koha item type Purchase Price
    Dewey Decimal Classification     IIA Library-Bangalore IIA Library-Kodaikanal General Stacks     083.550.38/ IAGA-16A 2422 05/11/2021   Books  

Powered by Koha